| 000 | 00445nam a22001697a 4500 | ||
|---|---|---|---|
| 003 | MACL | ||
| 005 | 20210928165754.0 | ||
| 008 | 210928b |||||||| |||| 00| 0 eng d | ||
| 040 | _cMACL | ||
| 082 | _a823/SIN | ||
| 100 |
_aSinha,Manju _981184 |
||
| 245 |
_aWOMEN A Platform of Resurrection _bPortrayed by D.H. Lawrence |
||
| 260 |
_aDelhi _bDisha International Publishing House _c2017 |
||
| 300 | _ap356 | ||
| 650 | _aNovel | ||
| 942 |
_2ddc _cBK |
||
| 999 |
_c64450 _d64450 |
||